00326 a2200133 4500003000400000005001700004008004100021040000900062082001500071100002500086245005400111260001800165300000900183OSt20240112111935.0240112b |||||||| |||| 00| 0 eng d coclc a297bSUL/M aSullami, Abdul Haque aMadeenayum masjidunnabaviyum /cAbdul Haq Sullami aKerala:bKNM, a221p